| 000 | 01270nam a2200313 c 4500 | ||
|---|---|---|---|
| 003 | BLK | ||
| 005 | 20180422114240.0 | ||
| 008 | 180411b bul|||||r ||||||| ||bul|| | ||
| 010 | _aKNG00176270000 | ||
| 040 | _aBLK | ||
| 041 |
_aBUL _cBUL |
||
| 080 |
_aАнглийска литература _b821.111 _x-31 _z821.111-31 |
||
| 100 | 1 |
_aИнис, Хемънд _eпърви автор _9337818 |
|
| 700 | 1 |
_aБенев, Богомил _eпрев. от англ. _9306001 |
|
| 700 | 1 |
_aСтоименова, Вера _eпредг. от _9376370 |
|
| 139 |
_aИнис, Хемънд _bИ 65 |
||
| 245 | 1 | 0 |
_aСамотният скиор _bРоман _cХемънд Инис; прев. от англ. Богомил Бенев; предг. от Вера Стоименова. |
| 257 | _aBGR | ||
| 260 |
_аВарна _bГеорги Бакалов _c1982 _fСофия : Балкан |
||
| 300 |
_a264 с. _c17 см |
||
| 380 | _aDX | ||
| 490 | 1 |
_aБиблиотека Галактика _v№ 37 |
|
| 500 | _aОриг. загл. The Loney Skier. - 50 150 тир. | ||
| 852 | _aЦб І 19752 | ||
| 856 | 4 |
_qpdf _u |
|
| 856 | 4 |
_qpdf _u |
|
| 942 |
_cKNG _n0 |
||
| 944 |
_aCR _c02.06.2015 _l02.06.2015 - от С1,Р / 02.06.2015 _kНора_Радева |
||
| 944 |
_aED _c02.06.2015 _l02.06.2015 - от С1,Р / 02.06.2015 _k |
||
| 999 |
_c168378 _d168378 |
||